000
00310cam a22001097a 4500
008
180718b-- xxu||||| |||| 00| 0 eng d
082
_a
A42x5412
100
_a
West Bengal. Legislative Department
245
_a
West Bengal acts and ordinances
260
_a
Alipore
_b
The author
_c
--
500
_a
Library has 1949-1954
999
_c
392151
_d
392151